000 00260nam a2200097Ia 4500
001 1104205
005 20250827003355.0
008 250824s9999 xx 000 0 und d
245 0 _aBÖRÜ 2: KURT İMPARATORLUĞU
_cÇAĞLAYAN YILMAZ
260 _bPANAMA YAYINLARI
999 _c1104205
_d1104205